[Event "Doeberl Cup Minor 42nd"]
[Site "Canberra"]
[Date "2004.04.09"]
[Round "1"]
[White "Huang, Jim"]
[Black "Hopf, Lorna"]
[Result "1-0"]
[WhiteElo "1578"]
[BlackElo "1164"]
[PlyCount "69"]
[EventDate "2004.04.09"]
[EventType "swiss"]
[EventRounds "7"]
[EventCountry "AUS"]
[SourceTitle "EXT 2006"]
[Source "ChessBase"]
[SourceDate "2005.11.24"]
[SourceVersion "1"]
[SourceVersionDate "2005.11.24"]
[SourceQuality "1"]

1. e4 e5 2. Nf3 Nc6 3. Bc4 Bc5 4. c3 Nf6 5. d3 d6 6. a4 a6 7. b4 Ba7 8. Qb3 0-0 9. Ng5 Qe7 10. 0-0 h6 11. Nf3 Be6 12. Bxe6 fxe6 13. Na3 Ng4 14. Nc2 Qe8 15. Ne3 Bxe3 16. Bxe3 Qg6 17. Nh4 Qh5 18. Qxe6+ Rf7 19. h3 Qxh4 20. Qxg4 Qf6 21. Rac1 Ne7 22. f4 Raf8 23. d4 Nc6 24. dxe5 dxe5 25. Bc5 Rd8 26. fxe5 Qxe5 27. Rxf7 Kxf7 28. Qf3+ Kg8 29. a5 Nxa5 30. Bd4 Rxd4 31. cxd4 Qxd4+ 32. Qf2 Qxb4 33. Rxc7 Qb1+ 34. Kh2 Qb5 35. Qf7+ 1-0